000 00478nam a2200181Ia 4500
001 910
005 20260306140553.0
008 260306t2019||||xx |||||||||||||| ||spa||
041 _aESP
082 _a174
_bI69
100 _aIrisarri Martínez, Carlos J.,
_eAUT
245 0 _aEl arquitecto en perspectiva :
_bprólogo a una historia ética de la profesión
260 _c2019
300 _a85 páginas :
_c15 cm.
650 _aGEN
654 _aCHU
942 _cLIB
_dJUS
_fJUS
_2ddc
_n
999 _c910
_d910